|
|
|
|
| LEADER |
00000nam0a2200000 4500 |
| 001 |
172609 |
| 005 |
20231031164329.0 |
| 035 |
|
|
|a (RuTPU)RU\TPU\book\187180
|
| 090 |
|
|
|a 172609
|
| 100 |
|
|
|a 20091215d1963 m y0rusy50 ca
|
| 101 |
0 |
|
|a rus
|
| 102 |
|
|
|a RU
|
| 105 |
|
|
|a a z 000zy
|
| 200 |
1 |
|
|a Начертательная геометрия в популярном изложении
|f А. И. Островский
|g под ред. Н. М. Бескина
|
| 205 |
|
|
|a 2-е изд., перераб.
|
| 210 |
|
|
|a Москва
|c Физматлит
|d 1963
|
| 215 |
|
|
|a 295 с.
|c ил.
|
| 610 |
1 |
|
|a ортогональные проекции
|
| 610 |
1 |
|
|a проекции
|
| 610 |
1 |
|
|a свойства
|
| 610 |
1 |
|
|a прямые
|
| 610 |
1 |
|
|a плоскости
|
| 610 |
1 |
|
|a задачи
|
| 610 |
1 |
|
|a развертки
|
| 610 |
1 |
|
|a сечение
|
| 610 |
1 |
|
|a плоское сечение
|
| 610 |
1 |
|
|a многогранники
|
| 610 |
1 |
|
|a касательные плоскости
|
| 610 |
1 |
|
|a тени
|
| 610 |
1 |
|
|a аксонометрия
|
| 610 |
1 |
|
|a числовые отметки
|
| 610 |
1 |
|
|a перспективы
|
| 610 |
1 |
|
|a метод Монжа
|
| 610 |
1 |
|
|a начертательная геометрия
|
| 675 |
|
|
|a 515
|v 3
|
| 700 |
|
1 |
|a Островский
|b А. И.
|
| 702 |
|
1 |
|a Бескин
|b Н. М.
|4 340
|
| 801 |
|
1 |
|a RU
|b 63413507
|c 20091215
|
| 801 |
|
2 |
|a RU
|b 63413507
|c 20111110
|g RCR
|
| 942 |
|
|
|c BK
|